00838 2200301 4500001002100000005001500021035002000036007000300056040001700059100002800076245004300104300003400147041000800181082001100189084001700200090002400217264003300241336002100274337003000295338002300325650001500348700004800363700004200411850001000453008004100463990001600504990001600520INLIS00000000000874620260518102421 a0010-1022000121ta aSBPUPADbind0 aTim PenyusunePengarang1 aTeknik Penyamakan Kulit untuk pedesaan a283 hlm. :bilus. ;c15x23 cm0 aind a675.23 a675.23 MUL t a675.23 MUL t L21-10 a.--Bandung :bAngkasa,c1981 2rdacontentateks 2rdamediaatanpa perantara 2rdacarrieravolume 4aAgrikultur0 aPenerjemah, Muljono JudoamidjojoePengarang0 aEditor, Pietoyo SoekarbowoePengarang aPUPAD260518 0  a089A/B.2005 a685A/B.2005